[Event "Lliga Catalana DH"]
[Site "?"]
[Date "2015.03.07"]
[Round "7.6"]
[White "Mestre Bellido, H."]
[Black "De la Riva Aguado, J."]
[Result "1-0"]
[WhiteElo "2348"]
[BlackElo "2306"]
[PlyCount "95"]
[EventDate "2015.??.??"]
[EventType "team"]

1. Nf3 Nf6 2. g3 c5 3. Bg2 Nc6 4. O-O e5 5. c4 d6 6. Nc3 Be6 7. b3 Qd7 8. Ng5
Bg4 9. d3 h6 10. Nge4 Be7 11. Nxf6+ Bxf6 12. Nd5 Bd8 13. Bb2 O-O 14. f4 Nd4 15.
Bxd4 exd4 16. Qd2 Rb8 17. Rae1 Be6 18. e3 Bxd5 19. Bxd5 dxe3 20. Rxe3 Bf6 21.
Kg2 Rfe8 22. Rfe1 b6 23. Re4 Re7 24. Qe2 Rbe8 25. Qh5 Rxe4 26. dxe4 Bc3 27. Rf1
Rf8 28. g4 Kh7 29. g5 f6 30. Rf3 Bd4 31. g6+ Kh8 32. f5 Bb2 33. Rf1 Re8 34. Qe2
Bd4 35. Rf3 Re5 36. Kf1 a6 37. Rh3 Qe8 38. Bf7 Qe7 39. Qd2 Qf8 40. Rh4 Re7 41.
Bd5 Re5 42. Ke2 Re7 43. Kd3 Be5 44. Qc1 a5 45. Qa3 Qe8 46. Bf7 Qa8 47. Qa4 Bxh2
48. Bd5 1-0

[Event "Lliga Catalana DH"]
[Site "?"]
[Date "2015.03.07"]
[Round "7.8"]
[White "Luna Cortes, L."]
[Black "Masip Tresserra, O."]
[Result "1-0"]
[WhiteElo "2309"]
[BlackElo "2226"]
[PlyCount "71"]
[EventDate "2015.??.??"]
[EventType "team"]

1. e4 c5 2. Nf3 Nc6 3. d4 cxd4 4. Nxd4 Qb6 5. Nb3 Nf6 6. Nc3 e6 7. Be3 Qc7 8.
a3 a6 9. f4 d6 10. Be2 Be7 11. Bf3 b5 12. Qd2 Bb7 13. O-O O-O 14. Qf2 Nd7 15.
Rad1 Na5 16. Nxa5 Qxa5 17. Bd4 b4 18. axb4 Qxb4 19. Ne2 Rac8 20. Qg3 Bf6 21. c3
Bxd4+ 22. Rxd4 Qb6 23. Kh1 a5 24. Rd2 Nc5 25. Qf2 Qc7 26. Ng3 Nb3 27. Rdd1 Rfd8
28. Nh5 Kh8 29. Qh4 Nc5 30. f5 exf5 31. exf5 Bxf3 32. Rxf3 f6 33. Rg3 Rd7 34.
Nf4 Ne4 35. Ng6+ Kg8 36. Qxe4 1-0

[Event "Lliga Catalana DH"]
[Site "?"]
[Date "2015.03.07"]
[Round "7.9"]
[White "Heredia Tarrats, A."]
[Black "Monclus Domingo, A."]
[Result "1/2-1/2"]
[WhiteElo "2181"]
[BlackElo "2277"]
[PlyCount "126"]
[EventDate "2015.??.??"]
[EventType "team"]

1. e4 e6 2. d4 d5 3. Nd2 c5 4. Ngf3 cxd4 5. Nxd4 Qb6 6. c3 Nf6 7. exd5 Nxd5 8.
Nc4 Qc7 9. Bg5 a6 10. Bh4 Be7 11. Bg3 Qd8 12. Bd3 O-O 13. O-O f5 14. Be5 Bd7
15. Qf3 Nc6 16. Rad1 b5 17. Nxc6 Bxc6 18. Qg3 Rf7 19. Nd2 Ra7 20. Nf3 Rd7 21.
Nd4 Qa8 22. Nxe6 g6 23. Rfe1 Nf6 24. Bc2 Ne4 25. Qe3 Rd5 26. Nc7 Bc5 27. Nxa8
Bxe3 28. fxe3 Rxe5 29. Bb3 Bxa8 30. Rd8+ Kg7 31. Bxf7 Bc6 32. Bb3 a5 33. Rc8
Be8 34. Rd1 a4 35. Bd5 Nf6 36. Bf3 Rxe3 37. Kf2 Re7 38. Re1 Ne4+ 39. Bxe4 fxe4
40. Ke3 Bf7 41. a3 Bc4 42. Rd1 Bd3 43. Rd2 Re5 44. Rf2 Re7 45. Rff8 Bc4 46.
Rfe8 Rf7 47. Rxe4 Rf1 48. Rcxc4 bxc4 49. Rxc4 Re1+ 50. Kd3 Rg1 51. Rg4 h5 52.
Rg5 Kf6 53. h4 Rh1 54. g3 Rh2 55. Ra5 Rxb2 56. Rxa4 Rg2 57. Rf4+ Ke6 58. Rf3
Ra2 59. Kc4 Rxa3 60. Kb4 Ra8 61. c4 Rb8+ 62. Kc5 Rc8+ 63. Kb5 Rb8+ 1/2-1/2

[Event "Lliga Catalana DH"]
[Site "?"]
[Date "2015.03.07"]
[Round "7.10"]
[White "Llobet Reus, J."]
[Black "Riu Lopez, D."]
[Result "1-0"]
[WhiteElo "2161"]
[BlackElo "2080"]
[PlyCount "75"]
[EventDate "2015.??.??"]
[EventType "team"]

1. e4 c5 2. Nf3 e6 3. d4 cxd4 4. Nxd4 Nf6 5. Bd3 Nc6 6. Nxc6 bxc6 7. O-O d5 8.
e5 Nd7 9. Re1 Qc7 10. Bf4 g6 11. Nd2 Bg7 12. Nf3 O-O 13. Qd2 Re8 14. c3 Nc5 15.
Bc2 Ba6 16. Rad1 Rab8 17. b3 Nd7 18. Qe3 c5 19. Ng5 h6 20. Nf3 Kh7 21. h4 Nf8
22. h5 c4 23. b4 Bb5 24. Nh4 Qe7 25. Qg3 Rec8 26. hxg6+ Kh8 27. gxf7 Qxf7 28.
Ng6+ Nxg6 29. Bxg6 Qf8 30. Be3 Rb7 31. Rd4 Be8 32. Rh4 a6 33. Bxe8 Rxe8 34. Qg6
Ree7 35. Bxh6 Bxh6 36. Rxh6+ Rh7 37. Rxh7+ Rxh7 38. Qxe6 1-0

[Event "Lliga Catalana DH"]
[Site "?"]
[Date "2015.03.07"]
[Round "7.1"]
[White "Magem Badals, J."]
[Black "Rizouk, A."]
[Result "1/2-1/2"]
[WhiteElo "2590"]
[BlackElo "2530"]
[PlyCount "38"]
[EventDate "2015.??.??"]
[EventType "team"]

1. d4 Nf6 2. c4 e6 3. g3 d5 4. Bg2 dxc4 5. Nf3 Nc6 6. Qa4 Bb4+ 7. Bd2 Nd5 8.
Bxb4 Ndxb4 9. O-O Rb8 10. Nc3 a6 11. Ne5 O-O 12. Bxc6 Nxc6 13. Nxc6 bxc6 14.
Qxc4 Rxb2 15. Rab1 Rb6 16. Na4 Rb5 17. Nc3 Rb6 18. Na4 Rb5 19. Nc3 Rb6 1/2-1/2

[Event "Lliga Catalana DH"]
[Site "?"]
[Date "2015.03.07"]
[Round "7.2"]
[White "Vassallo Barroche, M."]
[Black "Lopez Martinez, JM."]
[Result "1/2-1/2"]
[WhiteElo "2424"]
[BlackElo "2571"]
[PlyCount "59"]
[EventDate "2015.??.??"]
[EventType "team"]

1. Nf3 d5 2. g3 g6 3. Bg2 Bg7 4. O-O e5 5. d3 Ne7 6. e4 dxe4 7. dxe4 Qxd1 8.
Rxd1 Nbc6 9. Nc3 Bg4 10. Nb5 Rc8 11. h3 Bd7 12. Be3 a6 13. Nc3 f6 14. Rd2 Be6
15. Nd5 Kf7 16. Bf1 h5 17. Kg2 Bh6 18. Bxh6 Rxh6 19. Bc4 Rhh8 20. b4 g5 21. Bb3
Ng6 22. c3 h4 23. Ne3 Nce7 24. Rad1 Bxb3 25. axb3 hxg3 26. fxg3 Ke6 27. Ng4
Rhf8 28. Ne3 Rh8 29. Ng4 Rhf8 30. Ne3 1/2-1/2

[Event "Lliga Catalana DH"]
[Site "?"]
[Date "2015.03.07"]
[Round "7.3"]
[White "Alonso Rosell, A."]
[Black "Grafl, F."]
[Result "1-0"]
[WhiteElo "2578"]
[BlackElo "2427"]
[PlyCount "85"]
[EventDate "2015.??.??"]
[EventType "team"]

1. d4 f5 2. c4 Nf6 3. Nc3 e6 4. Qc2 Be7 5. e3 O-O 6. Bd3 Nc6 7. a3 e5 8. Bxf5
exd4 9. Nd5 g6 10. Nxf6+ Bxf6 11. Be4 dxe3 12. Bxe3 Nd4 13. Bxd4 Bxd4 14. Nf3
Bg7 15. h4 Qf6 16. h5 Qxb2 17. Bd5+ Kh8 18. Qxb2 Bxb2 19. hxg6 Kg7 20. Rxh7+
Kxg6 21. Be4+ Kf6 22. Rb1 Re8 23. Rh6+ Kg7 24. Rg6+ Kf8 25. Ng5 d5 26. Rxb2
dxe4 27. Re2 b5 28. cxb5 Rb8 29. a4 a6 30. Rc2 Rb6 31. Rxb6 cxb6 32. Rc7 Rd8
33. Nh7+ Kg8 34. Nf6+ Kf8 35. Ke2 axb5 36. axb5 Bf5 37. g4 Rd6 38. Rc6 Rxc6 39.
bxc6 Be6 40. g5 Bf5 41. Ke3 b5 42. Kf4 Bc8 43. Nd5 1-0

[Event "Lliga Catalana DH"]
[Site "?"]
[Date "2015.03.07"]
[Round "7.4"]
[White "Alonso Moyano, J."]
[Black "Comas Fabrego, L."]
[Result "1-0"]
[WhiteElo "2471"]
[BlackElo "2580"]
[PlyCount "113"]
[EventDate "2015.??.??"]
[EventType "team"]

1. e4 Nf6 2. e5 Nd5 3. Nc3 Nb6 4. d4 d6 5. exd6 cxd6 6. Nf3 g6 7. a4 Bg7 8. Be3
O-O 9. a5 N6d7 10. Qd2 Nf6 11. h3 d5 12. Ne5 Nc6 13. Nxc6 bxc6 14. Be2 Re8 15.
O-O e5 16. dxe5 Rxe5 17. Bc5 Bf5 18. Bf3 Re8 19. Ra3 Nd7 20. Be3 Ne5 21. Be2
Qe7 22. Ra4 Be6 23. b3 Rad8 24. Bg5 f6 25. Bh4 g5 26. Bg3 f5 27. f4 Ng6 28. Nd1
gxf4 29. Bf2 Bc8 30. Re1 Qf7 31. Bh5 Rxe1+ 32. Qxe1 Re8 33. Qf1 Re4 34. Ra2 Qc7
35. Bf3 Ne5 36. Bxe4 fxe4 37. Qe2 f3 38. Qe3 fxg2 39. Kxg2 Qd7 40. Qg3 d4 41.
a6 Qd5 42. c4 Qd7 43. Re2 e3 44. Nxe3 dxe3 45. Bxe3 Qd3 46. Rd2 Qe4+ 47. Kf2
Nd3+ 48. Kg1 Bf5 49. Bxa7 Nf4 50. Kh2 Nh5 51. Qb8+ Kf7 52. Qc7+ Kg6 53. Rg2+
Kh6 54. Qd6+ Be6 55. Bb8 Bd4 56. Qf8+ Bg7 57. Bf4+ 1-0

[Event "Lliga Catalana DH"]
[Site "?"]
[Date "2015.03.07"]
[Round "7.5"]
[White "Perpinya Rofes, LM."]
[Black "Gomez Jurado, LA."]
[Result "1/2-1/2"]
[WhiteElo "2443"]
[BlackElo "2431"]
[PlyCount "58"]
[EventDate "2015.??.??"]
[EventType "team"]

1. e4 c6 2. d4 d5 3. e5 Bf5 4. Nd2 e6 5. Nb3 Nd7 6. Nf3 h6 7. Be2 Ne7 8. O-O
Nc8 9. a4 Be7 10. a5 a6 11. Be3 O-O 12. c4 dxc4 13. Bxc4 Be4 14. Nbd2 Bh7 15.
Qb3 Rb8 16. Rfd1 Kh8 17. Be2 Qc7 18. Qc3 Bd8 19. Nc4 Ne7 20. Qb3 Nd5 21. Rac1
Be7 22. Bd2 Rfc8 23. Bf1 Qd8 24. Ne3 Nxe3 25. Qxe3 Nf8 26. h4 Nd7 27. g3 Qf8
28. Bc3 Bb4 29. Nd2 Qe7 1/2-1/2

[Event "Lliga Catalana DH"]
[Site "?"]
[Date "2015.03.07"]
[Round "7.6"]
[White "Martinez Ramirez, E."]
[Black "Rojas Keim, LA."]
[Result "1-0"]
[WhiteElo "2349"]
[BlackElo "2468"]
[PlyCount "105"]
[EventDate "2015.??.??"]
[EventType "team"]

1. e4 d6 2. d4 Nf6 3. Nc3 c6 4. f4 Qa5 5. Bd3 e5 6. Nf3 exd4 7. Nxd4 Qb6 8. Nb3
a5 9. Qe2 a4 10. Be3 Qb4 11. e5 Nd5 12. exd6 Nxc3 13. bxc3 Qxd6 14. Nc5 Be7 15.
Rd1 Qc7 16. O-O O-O 17. Bd4 Ra5 18. Qh5 g6 19. Qh6 f6 20. Bc4+ Kh8 21. Ne4 Rh5
22. Nxf6 Rxh6 23. Ne8+ Bf6 24. Nxf6 Qg7 25. Ne4 Rh5 26. Bxg7+ Kxg7 27. Ng5 h6
28. Ne6+ Bxe6 29. Bxe6 Rc5 30. Rd3 Rf6 31. Re3 h5 32. h3 h4 33. Bc8 Rf7 34. f5
gxf5 35. Rf4 b5 36. Rxh4 f4 37. Rg4+ Kf8 38. Rd3 Ke7 39. Rg8 b4 40. Rd4 bxc3
41. Rxa4 f3 42. gxf3 Rb5 43. Bg4 Nd7 44. Bxd7 Kxd7 45. Ra7+ Ke6 46. Re8+ Kf6
47. Rxf7+ Kxf7 48. Re3 Rc5 49. Kf2 Kf6 50. Ke2 Kf5 51. h4 Kf4 52. Re4+ Kf5 53.
Kd3 1-0

[Event "Lliga Catalana DH"]
[Site "?"]
[Date "2015.03.07"]
[Round "7.7"]
[White "Lorenzo de la Riva, L."]
[Black "Perez Mañas, B."]
[Result "0-1"]
[WhiteElo "2428"]
[BlackElo "2375"]
[PlyCount "165"]
[EventDate "2015.??.??"]
[EventType "team"]

1. d4 f5 2. g3 Nf6 3. Bg2 g6 4. Nf3 Bg7 5. b3 d6 6. Bb2 O-O 7. c4 c6 8. Nbd2 e5
9. dxe5 Ng4 10. O-O Nxe5 11. Nxe5 dxe5 12. e4 f4 13. c5 Na6 14. b4 Be6 15. a3
Qe7 16. Qe2 Rad8 17. f3 fxg3 18. hxg3 Qg5 19. Nc4 Qxg3 20. Nd6 Bh6 21. Qf2
Qxf2+ 22. Kxf2 Bf4 23. Rfd1 b6 24. Bf1 Nc7 25. cxb6 axb6 26. a4 b5 27. axb5
Nxb5 28. Nb7 Rxd1 29. Rxd1 Nd4 30. Bxd4 exd4 31. Rxd4 Be5 32. Rd8 Rxd8 33. Nxd8
Bd7 34. Bc4+ Kf8 35. Ne6+ Ke7 36. Nc5 Be8 37. Nd3 Bd4+ 38. Kg3 g5 39. f4 gxf4+
40. Kxf4 Bc3 41. Bg8 Bd2+ 42. Kf3 Bh5+ 43. Kf2 Bg6 44. Kf3 h5 45. Bb3 Be8 46.
Ba4 Kf6 47. Ke2 Bc3 48. Kf3 Kg5 49. Nf4 Bd7 50. Nd3 h4 51. Kg2 Kg4 52. Bd1+ Kg5
53. Ba4 Kf6 54. Kf3 Bd4 55. Nc5 Be8 56. Kg4 Bf2 57. e5+ Ke7 58. Nd3 Bg3 59. Nf4
Be1 60. Nd3 Bd7+ 61. Kf3 Bd2 62. Nc5 Be8 63. Nd3 Bh5+ 64. Kg2 Bg6 65. Nf2 Be8
66. Nd3 Ke6 67. Kh3 Bg5 68. Kg4 Be7 69. Bb3+ Kd7 70. Nc5+ Kc7 71. Bc4 Kb6 72.
Na4+ Kc7 73. Nc5 Bg6 74. Kf4 Bh5 75. Bf1 Bf7 76. Kf5 Bd5 77. Kg4 Kb6 78. Na4+
Kc7 79. Nc5 Kd8 80. Kf5 Ke8 81. Kg4 Kf7 82. Kf5 Bxc5 83. Kf4 0-1

[Event "Lliga Catalana DH"]
[Site "?"]
[Date "2015.03.07"]
[Round "7.8"]
[White "Obon Temprano, S."]
[Black "Rahal, M."]
[Result "1-0"]
[WhiteElo "2373"]
[BlackElo "2437"]
[PlyCount "97"]
[EventDate "2015.??.??"]
[EventType "team"]

1. d4 Nf6 2. Nf3 g6 3. c3 Bg7 4. h3 O-O 5. Bf4 d6 6. Nbd2 Nbd7 7. e4 e5 8. dxe5
dxe5 9. Be3 b6 10. Qc2 Bb7 11. O-O-O Qe7 12. Ne1 Nc5 13. f3 Nh5 14. Nd3 Ne6 15.
g4 Nhf4 16. Nxf4 Nxf4 17. h4 Rad8 18. Bxf4 exf4 19. Be2 Qc5 20. Nb3 Qe3+ 21.
Kb1 a5 22. Rd3 Rxd3 23. Qxd3 Qxd3+ 24. Bxd3 a4 25. Nc1 a3 26. Ne2 axb2 27. Kxb2
Be5 28. Bc4 Rd8 29. Kc2 Kg7 30. Rg1 Bc6 31. Nc1 Ba4+ 32. Bb3 Bb5 33. Rg2 h6 34.
Rh2 c5 35. Bd5 Ba4+ 36. Bb3 Bc6 37. Rd2 Rxd2+ 38. Kxd2 f5 39. gxf5 gxf5 40. Bd5
Bxd5 41. exd5 c4 42. a4 Kg6 43. Ne2 Kh5 44. Nd4 Kxh4 45. d6 Bxd6 46. Nxf5+ Kh3
47. Nxd6 Kg2 48. Ke2 h5 49. Nxc4 1-0

[Event "Lliga Catalana DH"]
[Site "?"]
[Date "2015.03.07"]
[Round "7.9"]
[White "Colon Garcia, E."]
[Black "Carrasco Rodriguez, J."]
[Result "1-0"]
[WhiteElo "2398"]
[BlackElo "2272"]
[PlyCount "57"]
[EventDate "2015.??.??"]
[EventType "team"]

1. e4 Nf6 2. e5 Nd5 3. d4 d6 4. Nf3 dxe5 5. Nxe5 c6 6. c4 Nb4 7. Be3 Bf5 8. Na3
Nd7 9. g4 Bg6 10. Nxg6 hxg6 11. Qb3 e6 12. Nb1 c5 13. d5 Qb6 14. Nc3 O-O-O 15.
O-O-O exd5 16. cxd5 Nf6 17. Qc4 Qa6 18. a3 Qxc4 19. Bxc4 Na6 20. h3 Nc7 21. d6
Rxd6 22. Bxf7 b5 23. Bxg6 Rxd1+ 24. Rxd1 a6 25. g5 Nfe8 26. Ne4 c4 27. Bf5+ Kb7
28. Nc5+ Bxc5 29. Bxc5 1-0

[Event "Lliga Catalana DH"]
[Site "?"]
[Date "2015.03.07"]
[Round "7.10"]
[White "Ramirez Carrizo, VJ."]
[Black "Diaz Camallonga, C."]
[Result "0-1"]
[WhiteElo "2229"]
[BlackElo "2411"]
[PlyCount "45"]
[EventDate "2015.??.??"]
[EventType "team"]

1. e4 e6 2. d4 d5 3. Nc3 Bb4 4. e5 c5 5. a3 Bxc3+ 6. bxc3 Qc7 7. Qg4 f5 8. Qg3
Ne7 9. Ne2 O-O 10. h4 Nbc6 11. h5 f4 12. Qd3 Qa5 13. Bd2 Qa4 14. Rh4 f3 15. Ng3
Nxe5 16. Qe3 fxg2 17. Bxg2 Nc4 18. Qd3 Nb2 19. Qe2 Qxc2 20. Bf1 Nc4 21. Ne4 Qb2
22. Rd1 Nxa3 23. Rh1 0-1

[Event "Lliga Catalana DH"]
[Site "?"]
[Date "2015.03.07"]
[Round "7.1"]
[White "Muñoz Pantoja, MA."]
[Black "Beltran Rueda, S."]
[Result "1/2-1/2"]
[WhiteElo "2475"]
[BlackElo "2459"]
[PlyCount "65"]
[EventDate "2015.??.??"]
[EventType "team"]

1. e4 c5 2. Nf3 e6 3. g3 b6 4. c4 Bb7 5. Nc3 Nf6 6. Qe2 Nc6 7. Bg2 d6 8. O-O
Be7 9. Rd1 a6 10. d4 cxd4 11. Nxd4 Nxd4 12. Rxd4 Qc7 13. b3 O-O 14. Bb2 Rfe8
15. Rad1 Bc6 16. R4d2 Rad8 17. e5 dxe5 18. Rxd8 Rxd8 19. Rxd8+ Bxd8 20. Bxc6
Qxc6 21. Qxe5 Nd7 22. Qe4 Qxe4 23. Nxe4 f5 24. Nd2 Kf7 25. Kf1 Bf6 26. Bxf6
Kxf6 27. Ke2 e5 28. b4 Ke6 29. Ke3 Nf6 30. f3 g5 31. a4 h5 32. Nb3 Kd6 33. a5
1/2-1/2

[Event "Lliga Catalana DH"]
[Site "?"]
[Date "2015.03.07"]
[Round "7.2"]
[White "Fernandez Aguado, E."]
[Black "Pablo Mari, A."]
[Result "0-1"]
[WhiteElo "2388"]
[BlackElo "2442"]
[PlyCount "106"]
[EventDate "2015.??.??"]
[EventType "team"]

1. e4 Nf6 2. e5 Nd5 3. d4 d6 4. Nf3 dxe5 5. Nxe5 c6 6. Bd3 Nd7 7. O-O Nxe5 8.
dxe5 g6 9. Be4 Bg7 10. Re1 Be6 11. Qe2 Qc7 12. f4 Rd8 13. c4 Nb6 14. b3 O-O 15.
Bb2 Qd7 16. a4 Bf5 17. a5 Bxe4 18. Qxe4 Na8 19. Nc3 Nc7 20. Rad1 Qg4 21. h3 Qh4
22. Kh2 Rxd1 23. Nxd1 Rd8 24. Qe3 Ne6 25. Rf1 Bh6 26. g3 Qh5 27. Nf2 b6 28.
axb6 axb6 29. b4 c5 30. bxc5 bxc5 31. Ng4 Bg7 32. Rf2 Qf5 33. Rd2 h5 34. Nf2
Rxd2 35. Qxd2 Qb1 36. Qc1 Qa2 37. h4 Bh6 38. Kh3 Qa8 39. Qe3 Qb7 40. Bc1 Qb4
41. Qd3 Qe1 42. Be3 Bxf4 43. gxf4 Qxf2 44. Qxg6+ fxg6 45. Bxf2 Nxf4+ 46. Kg3
Nd3 47. Bg1 Kf7 48. Kf3 Ke6 49. Ke4 Nxe5 50. Bxc5 Nxc4 51. Kf4 Kf6 52. Bb4 e5+
53. Ke4 Ke6 0-1

[Event "Lliga Catalana DH"]
[Site "?"]
[Date "2015.03.07"]
[Round "7.3"]
[White "Pomes Marcet, J."]
[Black "Ayas Fernandez, A."]
[Result "1/2-1/2"]
[WhiteElo "2397"]
[BlackElo "2341"]
[PlyCount "108"]
[EventDate "2015.??.??"]
[EventType "team"]

1. d4 Nf6 2. c4 e6 3. Nc3 Bb4 4. e3 O-O 5. Nge2 d5 6. a3 Be7 7. cxd5 exd5 8. g3
Nbd7 9. Bg2 Nb6 10. O-O Bf5 11. f3 h6 12. e4 dxe4 13. fxe4 Bg4 14. h3 Bxe2 15.
Nxe2 c5 16. d5 Bd6 17. Qc2 Re8 18. Bf4 Rc8 19. g4 Bxf4 20. Rxf4 Nfd7 21. Raf1
Ne5 22. Ng3 Nbc4 23. Nf5 Nd6 24. Qc3 Nxf5 25. Rxf5 f6 26. h4 Nf7 27. g5 hxg5
28. hxg5 Nxg5 29. e5 fxe5 30. Rxe5 Rxe5 31. Qxe5 Nf7 32. Qf5 Rc7 33. d6 Qxd6
34. Bd5 Qf6 35. Qh5 g6 36. Rxf6 gxh5 37. Rf5 b6 38. Rxh5 Kg7 39. Kf2 Kf6 40.
Bxf7 Rxf7 41. Ke3 Rd7 42. Rh6+ Ke5 43. Rh5+ Ke6 44. Rh6+ Kd5 45. Kd3 c4+ 46.
Kc3 Kc5 47. Rh5+ Rd5 48. Rh7 Rd3+ 49. Kc2 a5 50. Rc7+ Kb5 51. a4+ Kb4 52. Rc6
b5 53. axb5 Kxb5 54. Rc8 Rh3 1/2-1/2

[Event "Lliga Catalana DH"]
[Site "?"]
[Date "2015.03.07"]
[Round "7.4"]
[White "Escobar Torres, A."]
[Black "Ubach Miralda, M."]
[Result "1/2-1/2"]
[WhiteElo "2261"]
[BlackElo "2391"]
[PlyCount "73"]
[EventDate "2015.??.??"]
[EventType "team"]

1. e4 c6 2. Nc3 d5 3. g3 dxe4 4. Nxe4 Bf5 5. Bg2 Nd7 6. Ne2 Ngf6 7. N2c3 e5 8.
d3 Be7 9. Qe2 Qc7 10. Bd2 O-O 11. O-O Rfe8 12. Kh1 Bg4 13. f3 Bh5 14. Rae1 Nd5
15. Bh3 Nf8 16. Bc1 Rad8 17. Qf2 Bb4 18. a3 Ba5 19. Qxa7 Bb6 20. Qa4 Ne6 21.
Bxe6 Rxe6 22. Qc4 h6 23. Kg2 Qe7 24. Nf2 f5 25. Nh3 Bf7 26. Bd2 Rg6 27. Qa4 Qd6
28. Nf2 Bd4 29. Nxd5 Bxd5 30. c3 Bb6 31. c4 Bf7 32. Be3 Bxe3 33. Rxe3 f4 34.
Re4 fxg3 35. hxg3 c5 36. Rfe1 Be8 37. Qd1 1/2-1/2

[Event "Lliga Catalana DH"]
[Site "?"]
[Date "2015.03.07"]
[Round "7.5"]
[White "Simon Padros, E."]
[Black "Maroto Borras, JL."]
[Result "1-0"]
[WhiteElo "2327"]
[BlackElo "2205"]
[PlyCount "107"]
[EventDate "2015.??.??"]
[EventType "team"]

1. e4 e6 2. d4 d5 3. e5 c5 4. c3 Nc6 5. Nf3 Bd7 6. Be2 f6 7. O-O fxe5 8. Nxe5
Nxe5 9. dxe5 Qc7 10. c4 O-O-O 11. cxd5 Qxe5 12. Bf3 exd5 13. Re1 Qd6 14. Nc3
Nf6 15. Bg5 Bc6 16. a4 a6 17. Ne2 Re8 18. b4 cxb4 19. Nd4 Rxe1+ 20. Qxe1 Ne4
21. Nxc6 bxc6 22. Bxe4 dxe4 23. Qxe4 Qg6 24. Qc4 Kb7 25. Be3 Qd6 26. Qf7+ Qc7
27. Qe8 Qe7 28. Qh5 g6 29. Qg4 Bg7 30. Rd1 Rd8 31. Rxd8 Qxd8 32. Qxb4+ Kc8 33.
h3 Be5 34. g3 a5 35. Qc4 Qd5 36. Qxd5 cxd5 37. Bd2 Bc7 38. Kf1 Kd7 39. Ke2 Kc6
40. Kd3 Kc5 41. f4 d4 42. Ke4 Kc4 43. g4 Bd8 44. f5 gxf5+ 45. gxf5 h5 46. Be1
Kc5 47. Ke5 Kc4 48. f6 d3 49. f7 Be7 50. Bxa5 Kb3 51. Bd2 Kxa4 52. Ke4 Kb5 53.
Kxd3 Kc6 54. Bh6 1-0

[Event "Lliga Catalana DH"]
[Site "?"]
[Date "2015.03.07"]
[Round "7.6"]
[White "Draghici Flutor, G."]
[Black "Duran Albareda, X."]
[Result "0-1"]
[WhiteElo "2191"]
[BlackElo "2329"]
[PlyCount "120"]
[EventDate "2015.??.??"]
[EventType "team"]

1. e4 e5 2. Nc3 Nf6 3. g3 Bb4 4. Bg2 O-O 5. Nge2 c6 6. d4 d6 7. O-O Nbd7 8. h3
Re8 9. a3 Ba5 10. Be3 Bc7 11. d5 Nb6 12. Qd3 cxd5 13. exd5 a6 14. Rad1 Nbd7 15.
Ne4 Nxe4 16. Bxe4 Nf8 17. Kh2 Qe7 18. Nc3 g6 19. Bg2 f5 20. f4 Nd7 21. Rfe1 e4
22. Qd2 b5 23. Ne2 Nb6 24. b3 Bb7 25. Nc3 Rac8 26. Qf2 Nd7 27. Na2 Nf6 28. c4
bxc4 29. bxc4 Ba5 30. Nb4 Rxc4 31. Bf1 Rcc8 32. Bd4 Nxd5 33. Qa2 Qe6 34. Bc4
Rxc4 35. Qxc4 Nxb4 36. Qxe6+ Rxe6 37. axb4 Bxb4 38. Re2 Re7 39. Rc1 a5 40. Be3
Kf7 41. Kg1 Ke6 42. Kf2 Bd5 43. Rec2 Ba3 44. Ra1 Bb4 45. Bd4 Bb3 46. Rc8 a4 47.
Rac1 Kd5 48. Ke3 Bd2+ 49. Kxd2 Kxd4 50. Rb8 e3+ 51. Ke1 d5 52. Rb4+ Kd3 53. Rc8
Ra7 54. Rc6 Bc4 55. Rb1 a3 56. Rcb6 a2 57. Ra1 Ke4 58. g4 Kxf4 59. gxf5 gxf5
60. Rb8 Rg7 0-1

[Event "Lliga Catalana DH"]
[Site "?"]
[Date "2015.03.07"]
[Round "7.7"]
[White "Armengol Comas, J."]
[Black "Almirall Botella, J."]
[Result "1-0"]
[WhiteElo "2320"]
[BlackElo "2178"]
[PlyCount "89"]
[EventDate "2015.??.??"]
[EventType "team"]

1. e4 c6 2. d4 d5 3. exd5 cxd5 4. Bd3 Nc6 5. c3 Qc7 6. Ne2 Bg4 7. f3 Bd7 8. f4
e6 9. Nd2 Bd6 10. Nf3 Nge7 11. Qc2 Rc8 12. a3 a6 13. Bd2 Na5 14. Ne5 Bb5 15.
Bxb5+ axb5 16. b3 O-O 17. O-O Nac6 18. Qd3 f6 19. Nxc6 bxc6 20. a4 bxa4 21.
bxa4 Ra8 22. Ra2 e5 23. Qh3 e4 24. Qe6+ Kh8 25. Qh3 Rfb8 26. f5 Nc8 27. Nf4 Nb6
28. Ne6 Qf7 29. Rfa1 Nc4 30. g4 Rb3 31. Be1 Rab8 32. a5 Rb1 33. a6 Rxa1 34.
Rxa1 Qa7 35. Bg3 Bxg3 36. Qxg3 Ne5 37. Kh1 Nf3 38. Qd6 h6 39. Ra2 Qb6 40. Qb4
Qa7 41. Qc5 Rb1+ 42. Kg2 Qb8 43. Qf8+ Qxf8 44. Nxf8 Rb8 45. Nd7 1-0

[Event "Lliga Catalana DH"]
[Site "?"]
[Date "2015.03.07"]
[Round "7.8"]
[White "Roca Diaz, MA."]
[Black "Sadrija, E."]
[Result "0-1"]
[WhiteElo "2173"]
[BlackElo "2278"]
[PlyCount "82"]
[EventDate "2015.??.??"]
[EventType "team"]

1. d4 e6 2. Nf3 b6 3. g3 Bb7 4. Bg2 Nf6 5. O-O Be7 6. c4 c5 7. Nc3 d6 8. dxc5
bxc5 9. Bg5 h6 10. Bxf6 Bxf6 11. Qc2 O-O 12. Ng5 Bxg5 13. Bxb7 Nd7 14. Bxa8
Qxa8 15. Rad1 Be7 16. Rd2 Nb6 17. Ne4 Qc6 18. Rfd1 d5 19. cxd5 exd5 20. Nc3 d4
21. Nb1 Qe6 22. b3 Nd5 23. Qc4 Rd8 24. a3 Bg5 25. Qxc5 Bxd2 26. Rxd2 Qe4 27.
Qc2 Qe5 28. Qd3 Ne7 29. Rc2 f5 30. Nd2 Rd7 31. Nf3 Qe4 32. Qc4+ Kh7 33. Rd2 Nc6
34. b4 a6 35. a4 d3 36. Qxa6 Nxb4 37. Qb5 Rd5 38. Qb7 dxe2 39. Rxd5 Qxf3 40.
Qxb4 Qxd5 41. f4 Qd1+ 0-1

[Event "Lliga Catalana DH"]
[Site "?"]
[Date "2015.03.07"]
[Round "7.9"]
[White "Garcia Rubio, JA."]
[Black "Degerhammar, T."]
[Result "0-1"]
[WhiteElo "2215"]
[BlackElo "2102"]
[PlyCount "114"]
[EventDate "2015.??.??"]
[EventType "team"]

1. d4 f5 2. Nf3 Nf6 3. c4 e6 4. Nc3 Bb4 5. g3 O-O 6. Bg2 Bxc3+ 7. bxc3 d6 8.
O-O c6 9. Bg5 h6 10. Bxf6 Qxf6 11. Nd2 e5 12. e3 Nd7 13. a4 a5 14. Rb1 Qf7 15.
Qb3 g5 16. f4 gxf4 17. exf4 e4 18. Bxe4 fxe4 19. Nxe4 Qg6 20. f5 Rxf5 21. Rxf5
Qxf5 22. Nxd6 Qe6 23. c5 Qxb3 24. Rxb3 Nf6 25. Nxc8 Rxc8 26. Rxb7 Nd5 27. Ra7
Nxc3 28. Kf2 Nxa4 29. Rxa5 Nc3 30. Ra6 Nd5 31. Kf3 Kf7 32. Ra7+ Rc7 33. Ra8 Ke6
34. Re8+ Re7 35. Rd8 Rd7 36. Re8+ Kf6 37. h4 Nb4 38. Ke4 Nc2 39. Rf8+ Kg7 40.
Rf2 Rxd4+ 41. Ke5 Rd5+ 42. Ke6 Nd4+ 43. Ke7 Rxc5 44. g4 Re5+ 45. Kd6 Re4 46.
Rg2 Re6+ 47. Kc5 Nf3 48. h5 Ng5 49. Rh2 Kf6 50. Rf2+ Ke5 51. Rf5+ Ke4 52. Rf1
Nf3 53. Rf2 Kf4 54. g5 hxg5 55. Ra2 g4 56. Ra8 g3 57. Rg8 Ng5 0-1

[Event "Lliga Catalana DH"]
[Site "?"]
[Date "2015.03.07"]
[Round "7.10"]
[White "Molina Wheatley, E."]
[Black "Del Amo Carbo, J."]
[Result "1-0"]
[WhiteElo "1938"]
[BlackElo "2207"]
[PlyCount "61"]
[EventDate "2015.??.??"]
[EventType "team"]

1. e4 e5 2. Nf3 Nc6 3. Bb5 Nf6 4. O-O Nxe4 5. d4 Nd6 6. Bxc6 dxc6 7. dxe5 Nf5
8. Qxd8+ Kxd8 9. h3 Be7 10. Nc3 h6 11. g4 Nh4 12. Nxh4 Bxh4 13. Be3 Ke8 14. Ne2
h5 15. f3 hxg4 16. fxg4 b6 17. Nd4 Be7 18. Kg2 g6 19. Rad1 Ba6 20. Rf2 c5 21.
Nf3 Bb7 22. Kg3 f6 23. Nh4 Be4 24. exf6 Bd6+ 25. Bf4 g5 26. Bxd6 gxh4+ 27. Kf4
Bxc2 28. Rxc2 cxd6 29. Rxd6 Rd8 30. Rxd8+ Kxd8 31. Re2 1-0

[Event "Lliga Catalana DH"]
[Site "?"]
[Date "2015.03.07"]
[Round "7.1"]
[White "Kouatly, B."]
[Black "Rodriguez Cespedes, A."]
[Result "1/2-1/2"]
[WhiteElo "2453"]
[BlackElo "2463"]
[PlyCount "38"]
[EventDate "2015.??.??"]
[EventType "team"]

1. d4 Nf6 2. c4 e6 3. Nc3 Bb4 4. Qc2 Nc6 5. Nf3 d6 6. Bd2 O-O 7. a3 Bxc3 8.
Bxc3 Re8 9. g3 e5 10. d5 Ne7 11. e4 h6 12. h3 Bd7 13. O-O-O c6 14. Nd2 Rc8 15.
f4 cxd5 16. fxe5 dxe5 17. cxd5 b5 18. Bd3 a5 19. Qb3 Qb6 1/2-1/2

[Event "Lliga Catalana DH"]
[Site "?"]
[Date "2015.03.07"]
[Round "7.2"]
[White "Alarcon Casellas, R."]
[Black "Gonzalez Rodriguez, JA."]
[Result "1-0"]
[WhiteElo "2503"]
[BlackElo "2466"]
[PlyCount "53"]
[EventDate "2015.??.??"]
[EventType "team"]

1. d4 d5 2. c4 e6 3. Nc3 Nf6 4. cxd5 exd5 5. Bg5 c6 6. e3 Be7 7. Qc2 O-O 8. Bd3
Nbd7 9. Nf3 Re8 10. h3 Nf8 11. O-O-O Ne4 12. Bxe7 Qxe7 13. Bxe4 dxe4 14. Nd2 f5
15. g4 Nd7 16. gxf5 Nf6 17. Rdg1 Bxf5 18. Rg5 g6 19. Rhg1 Kh8 20. Nc4 Rad8 21.
h4 Rg8 22. Ne5 c5 23. Qb3 Rg7 24. h5 cxd4 25. h6 Qc5 26. hxg7+ Kxg7 27. Qxb7+
1-0